| 000 | 00847nam0a2200253 4500 | ||
|---|---|---|---|
| 001 | RU\NLR\BIBL_A\012078245 | ||
| 005 | 20260408212428.0 | ||
| 035 | _a(NLR Aleph) 012078245 | ||
| 090 |
_a11790636 _c11790636 |
||
| 100 | _a20190821d2003 u y0rusy50 ca | ||
| 101 | 0 | _arus | |
| 102 | _aRU | ||
| 105 | _aa z 000zy | ||
| 200 | 1 |
_aЯ и Другой _eтренинги _fСмагина С. Ю. |
|
| 205 | _a2-е изд. | ||
| 210 |
_aСанкт-Петербург _cАдаин ЛО _cИСОР _d2003 |
||
| 215 |
_a166 с. _cил., цв. ил. _d21 |
||
| 606 |
_aОтветственность (социол.) _xТренинг _3RU\NLR\AUTH\6601660497 _92421193 |
||
| 686 | 1 | _aС550.354 | |
| 700 | 1 |
_aСмагина _bС. Ю. _gСтанислава Ю |
|
| 942 | _cBOOK | ||
| 980 | _aNB | ||